Sports Quiz

Random Sports or NHL Quiz

NHL Players with 14+ Goals in one Playoff Year Quiz Stats

 Plays Quiz not verified by Sporcle

Score 0/30 Timer 05:00
0 Plays Today
Team - Year - (Goals) Player % Correct
Edm 1985 (17)Wayne Gretzky
98.2%
Edm 1983 (15)Mark Messier
93.8%
Edm 1985 (19)Jari Kurri
92.9%
Pit 1991 (16)Mario Lemieux
92.9%
Col 1996 (18)Joe Sakic
92%
NYI 1981 (17)Mike Bossy
91.2%
Pit 2009 (15)Sidney Crosby
91.2%
Pit 2009 (14)Evgeni Malkin
89.4%
Ott 2007 (14)Daniel Alfredsson
82.3%
Van 1994 (16)Pavel Bure
78.8%
Bos 1991 (16)Cam Neely
74.3%
Edm 1987 (14)Glenn Anderson
72.6%
Pit 1991 (17)Kevin Stevens
70.8%
Was 2018 (15)Alex Ovechkin
66.7%
LAK 2014 (14)Marian Gaborik
65.5%
Team - Year - (Goals) Player % Correct
SJ 2016 (14)Joe Pavelski
62.5%
Min 1981 (14)Dino Ciccarelli
61.9%
Phi 1976 (19)Reggie Leach
60.2%
Win 2018 (14)Mark Scheifele
50%
Phi 1989 (14)Brian Propp
49.6%
Mon 1973 (15)Yvon Cournoyer
48.7%
Cal 1989 (16)Joe Mullen
47.8%
Phi 1989 (14)Tim Kerr
47.8%
Edm 1990 (16)Craig Simpson
40.7%
Edm 2006 (14)Fernando Pisani
40.7%
Mon 1971 (14)Frank Mahovlich
39.8%
Bos 1983 (14)Barry Pederson
29.2%
Mon 1919 (17)Newsy Lalonde
25%
Was 1990 (14)John Druce
19.5%
Min 1981 (17)Steve Payne
18.6%

You're not logged in!

Compare scores with friends on all Sporcle quizzes.
OR
Log In

Sporcle TV

Today on Sporcle TV


Watch our educational content, quiz creation guides, and fun videos on Sporcle TV.

Show Comments

Extras

Created Jan 16, 2015ReportNominate
Tags:NHL Quiz, goal, player, playoff, team

Top Quizzes Today


Score Distribution

Your Account Isn't Verified!

In order to create a playlist on Sporcle, you need to verify the email address you used during registration. Go to your Sporcle Settings to finish the process.

Report this User

Report this user for behavior that violates our Community Guidelines.

Details: